[Event "Druga liga Srbije grupa Vojvodina 2011"]
[Site "Vrbas"]
[Date "2011.09.26"]
[Round "3.6"]
[White "Ivanovic, Miroslav"]
[Black "Medar, Zeljko"]
[Result "1/2-1/2"]
[WhiteElo "2177"]
[BlackElo "2219"]
[PlyCount "86"]
[EventDate "2011.09.25"]

1. c4 Nf6 2. Nc3 d6 3. g3 c6 4. Bg2 e5 5. Nf3 h6 6. O-O Be6 7. d4 Nbd7 8. d5
cxd5 9. cxd5 Bf5 10. Nh4 Bh7 11. e4 a6 12. Nf5 Bxf5 13. exf5 Be7 14. Be3 O-O
15. h3 Rc8 16. Qe2 Nb6 17. Rad1 Nc4 18. Bc1 Qa5 19. Be4 b5 20. Bd3 Qc7 21. Ne4
Nb6 22. Nxf6+ Bxf6 23. Qe4 Na4 24. Bb1 Qc4 25. Qg2 Qc7 26. h4 Rfe8 27. Rfe1 Kf8
28. g4 Bxh4 29. g5 Bxg5 30. Bxg5 hxg5 31. Qxg5 Qe7 32. Qh5 Qf6 33. Rc1 Ke7 34.
Rc6 Nxb2 35. Rec1 Nc4 36. Rxa6 Rc7 37. a4 Rh8 38. Qxh8 Qg5+ 39. Kh2 Qf4+ 40.
Kg2 Qg4+ 41. Kh1 Qf3+ 42. Kg1 Qg4+ 43. Kh1 Qf3+ 1/2-1/2

[Event "Druga liga Srbije grupa Vojvodina 2011"]
[Site "Vrbas"]
[Date "2011.09.26"]
[Round "3.6"]
[White "Matijevic, Radovan"]
[Black "Roganovic, Nebojsa"]
[Result "1/2-1/2"]
[WhiteElo "2170"]
[BlackElo "2194"]
[PlyCount "79"]
[EventDate "2011.09.25"]

1. c3 d5 2. d4 Nf6 3. Bf4 c6 4. e3 g6 5. Bd3 Bg7 6. Ne2 O-O 7. O-O Nbd7 8. Nd2
Re8 9. Nf3 Nh5 10. Qb3 Qb6 11. Qxb6 axb6 12. Bc7 b5 13. h3 f5 14. Nf4 Ndf6 15.
Nxh5 Nxh5 16. Be5 Nf6 17. a3 Nd7 18. Ra2 Nxe5 19. Nxe5 Bxe5 20. dxe5 Bd7 21.
Raa1 c5 22. Rad1 e6 23. g4 Bc6 24. gxf5 gxf5 25. Kh2 Kh8 26. Rg1 Rg8 27. Rxg8+
Rxg8 28. Rg1 Rd8 29. Be2 Rg8 30. Rxg8+ Kxg8 31. Kg3 Kg7 32. Kf4 Kg6 33. Kg3 Kg5
34. f4+ Kg6 35. Kh4 Kh6 36. Kg3 Kg6 37. Kf2 Kg7 38. Ke1 Be8 39. b3 c4 40. b4
1/2-1/2